| 000 | 00850cam a2200289 i 4500 | ||
|---|---|---|---|
| 001 | 768714001 | ||
| 003 | CO-MdFUSB | ||
| 005 | 20241204153947.0 | ||
| 007 | ta | ||
| 008 | 241203t1942 -uk||||| |||| 00| 0 eng d | ||
| 020 |
_a978-153338829 _q2 |
||
| 040 | _cCO-MdFUSB | ||
| 041 | 0 | _aeng | |
| 082 | 0 | 4 |
_223 _a236 _bB7982s |
| 245 | 1 | 0 |
_aThe sure word of prophecy : _breport of the congress on prophecy assembled in the Calvary Baptist Church _c/ editado y compilado por John W. Bradbury |
| 264 | 1 |
_bFleming H. Revell, _aNew York, NY., USA : _c[1942] |
|
| 264 | 4 | _c©1942 | |
| 300 | _a318 Pag | ||
| 336 |
_atexto _btxt _2rdacontent |
||
| 337 |
_2rdamedia _asin mediación _bn |
||
| 338 |
_2rdacarrier _avolumen _bnc |
||
| 563 | _aTapa dura | ||
| 653 | _aCongreso | ||
| 700 |
_aBradbury, John _911168 _eeditor |
||
| 942 | _cBK | ||
| 945 | _aMiguel | ||
| 999 |
_c35146 _d35146 |
||